| 000 | 01189nam a2200337Ia 4500 | ||
|---|---|---|---|
| 001 | 4924 | ||
| 003 | DO-SdBNP | ||
| 005 | 20221003130425.0 | ||
| 008 | 140604s2016 dr 000 0spad | ||
| 020 | _a9789945902310 | ||
| 040 |
_aBPMSU _bspa _cBPMSU |
||
| 082 | 4 |
_a193.9 _222 _bB828c 2016 |
|
| 100 | 1 | _aBrea Franco, Luis O. | |
| 245 | 1 | 0 |
_aClaves para una lectura de Nietzsche : _bprolegómenos a una interpretación de su obra / _cBrea Franco, Luis O. |
| 250 | _a2a ed. revisada y corregida | ||
| 260 |
_aSanto Domingo _bNacional _c2016 |
||
| 300 |
_a540 p. ; _c21 cm. |
||
| 500 | _aIncluye datos biográficos del autor en la solapa de la cubierta | ||
| 586 | _aPremio Nacional de Ensayo Pedro Henríquez Ureña, 2004 | ||
| 590 | _6Inventariado, 2022/VM | ||
| 600 | 1 | 4 |
_aNietzsche, Friedrich Wilhelm _d1844-1900 _xCrítica e interpretación |
| 650 | 4 | _aMetafísica | |
| 650 | 4 | _aFilosofía alemana. | |
| 650 | 4 |
_aDios _xAspectos filosóficos. |
|
| 710 | 2 | _aMinisterio de Cultura (República Dominicana) | |
| 852 | _t1 | ||
| 856 | _3Archivo Digital Biblioteca Nacional | ||
| 856 | _ubiblio.bnphu.gob.do/Archivos_Digitales/PDF | ||
| 910 | _aVMateo V./ Validado | ||
| 942 |
_2ddc _cBK |
||
| 999 |
_c12626 _d12626 |
||